| 000 | 02151cam a2200625 4500 | ||
|---|---|---|---|
| 003 | PE-LiUPU | ||
| 005 | 20250731170407.0 | ||
| 008 | 2009 sp a | ||
| 020 |
_a9788471337832 _bB35 |
||
| 035 | _a(Sirsi) i9788471337832 | ||
| 035 | _a(Sirsi) 51968 | ||
| 035 | _a(Sirsi) 51968 | ||
| 041 | _aes | ||
| 044 | _aes | ||
| 082 | 0 | 4 |
_a153.97 _bB35 |
| 100 | 1 | _aBeltrán Campos, Sonia Gena | |
| 245 |
_aFormación en competencias socioemocionales. _pLibro del alumno / _cBeltrán, Sonia [et al]. |
||
| 264 | 1 |
_aMadrid : _bLa Muralla, _c2009. |
|
| 300 |
_a239 páginas : _bilustraciones ; _c22 centímetros. |
||
| 490 | 0 | _aAula Abierta. | |
| 505 | 0 | _aAutoconciencia emocional -- Regulación emocional -- Empatía -- Motivación -- Asertividad -- Trabajo en equipo -- Resolución de conflictos. | |
| 526 | _aSEG68 | ||
| 526 | _aSEG70 | ||
| 526 | _aSEG69 | ||
| 526 | _aSEG67 | ||
| 526 | _aSEG43 | ||
| 526 | _aP144 | ||
| 526 | _aP143 | ||
| 526 | _aP131 | ||
| 526 | _aP122 | ||
| 526 | _aP120 | ||
| 526 | _aP117 | ||
| 526 | _aP112 | ||
| 526 | _aP110 | ||
| 526 | _aP106 | ||
| 526 | _aP101 | ||
| 526 | _aP80 | ||
| 526 | _aP59 | ||
| 526 | _aP54 | ||
| 526 | _aP35 | ||
| 526 | _aP33 | ||
| 526 | _aP30 | ||
| 650 | 1 | 4 |
_aInteligencia emocional _xMaterial didáctico |
| 700 | 1 |
_aRepetto, Elvira _edir. |
|
| 859 | _q69354 | ||
| 859 | _q69356 | ||
| 910 |
_agl _b _clch _d20140214 |
||
| 942 |
_2ddc _cBOOK |
||
| 949 |
_i69354 _lCCODEBUL1 _mBUL _tLIBRO _o.STAFF. Colección General |
||
| 949 |
_i69356 _lCCODEBUL1 _mBUL _tLIBRO _o.STAFF. Colección General |
||
| 596 | _a1 | ||
| 999 |
_a153.97 B35 _wDEWEY _c5953 _i69354 _d5953 _e2018-4-27 _f2021-11-3 _g5 _lCCODEBUL1 _mBUL _n3 _p35.00 _r0 _sY _tBOOK _u2015-7-6 _xSALUD _PP33 _0COMPRA _o.STAFF. Colección Ciencias de la Salud |
||
| 999 |
_a153.97 B35 _wDEWEY _c2 _i69356 _d2019-11-13 _e2018-12-7 _f2021-11-3 _g5 _lCCODEBUL1 _mBUL _n1 _p35.00 _q2 _r0 _sY _tBOOK _u2015-7-6 _xSALUD _PP33 _0COMPRA _o.STAFF. Colección General |
||
| 980 |
_81 _gALBERTO SANCHEZ Responsable de Automatización |
||